000 00495nam a2200181Ia 4500
008 151202s9999||||xx |||||||||||||| ||und||
082 _bPNVM-74235
100 _aभागवत यशवंत.
245 _aआजो.
260 _b"नवल प्रकाशन, पुणे."
260 _c74235
300 _a160
600 _aभागवत यशवंत.
630 _aआजो.
700 _aभागवत यशवंत.
730 _aआजो.
942 _cBOOK
999 _c1340896
_d1340893